00587nam a2200109Ia 4500008004100000245002300041300025800064650001600322856004800338999001900386952007200405170517s9999 xx 000 0 und d aMusic on the Brain aIn an advanced age home in Australia, a substantial number of residents suffer from dementia, a merciless disease which robs them of their memories and their ability to perform even the most rudimentary of daily functions. Caregivers work desperately... xTechnology. uhttp://topdocumentaryfilms.com/music-brain/ c335061d335061 001040aCLbCLd2017-05-17l0r2017-05-17 00:00:00w2017-05-17yDF